| 000 | 00912nam a22002537a 4500 | ||
|---|---|---|---|
| 005 | 20090603162918.0 | ||
| 008 | 090603t xxu||||| |||| 00| 0 eng d | ||
| 010 | _aENG-93864 | ||
| 020 |
_a9789380032078 _c195.00 |
||
| 035 | _aEN-77397 | ||
| 037 | _bDBAD / PUB | ||
| 040 |
_adpl _bEnglish |
||
| 082 | _a658.87 | ||
| 100 | _aLittle, Graham R. | ||
| 245 |
_aRetail store leadership / _cby Graham R. Little |
||
| 260 |
_aNew Delhi _bWestland _c2000 |
||
| 270 |
_aF-5, Okhla Industrial Area, Phase-I, Mazzanine Floor, _bNew Delhi _e110020 |
||
| 300 |
_a138p. _c18cm(pbk) |
||
| 500 | _aIncludes index | ||
| 650 |
_aRetail trade _xManagement. |
||
| 650 | _aLeadership. | ||
| 942 |
_2ddc _cEN _mLIT _h658.87 |
||
| 999 |
_c27199 _d27199 |
||